<?xml version="1.0" encoding="UTF-8"?><?xml-stylesheet type="text/xsl" href="static/style.xsl"?><OAI-PMH xmlns="http://www.openarchives.org/OAI/2.0/" xmlns:xsi="http://www.w3.org/2001/XMLSchema-instance" xsi:schemaLocation="http://www.openarchives.org/OAI/2.0/ http://www.openarchives.org/OAI/2.0/OAI-PMH.xsd"><responseDate>2026-04-17T21:28:28Z</responseDate><request verb="GetRecord" identifier="oai:www.recercat.cat:20.500.12694/7255" metadataPrefix="marc">https://recercat.cat/oai/request</request><GetRecord><record><header><identifier>oai:recercat.cat:20.500.12694/7255</identifier><datestamp>2025-12-18T12:08:58Z</datestamp><setSpec>com_2072_179042</setSpec><setSpec>col_2072_484474</setSpec></header><metadata><record xmlns="http://www.loc.gov/MARC21/slim" xmlns:dcterms="http://purl.org/dc/terms/" xmlns:xsi="http://www.w3.org/2001/XMLSchema-instance" xmlns:doc="http://www.lyncode.com/xoai" xsi:schemaLocation="http://www.loc.gov/MARC21/slim http://www.loc.gov/standards/marcxml/schema/MARC21slim.xsd">
   <leader>00925njm 22002777a 4500</leader>
   <datafield ind2=" " ind1=" " tag="042">
      <subfield code="a">dc</subfield>
   </datafield>
   <datafield ind2=" " ind1=" " tag="720">
      <subfield code="a">Sánchez i Calonge, Carles</subfield>
      <subfield code="e">author</subfield>
   </datafield>
   <datafield ind2=" " ind1=" " tag="260">
      <subfield code="c">2015-07-08</subfield>
   </datafield>
   <datafield ind2=" " ind1=" " tag="520">
      <subfield code="a">L’objecte d’estudi d’aquest treball és l’Escola pianística catalana des del tombant de la segle XIX fins a principi del XX. L’interès principal és conèixer i determinar si existeix una línia pedagògica contínua amb uns trets interpretatius comuns que permetin catalogar-la com a tal. Per això, ha calgut recórrer al fons sonor que es conserva, i a les fonts documentals dels compositors i pianistes que la conformen: Pere Tintorer, Joan Baptista Pujol i Enric Granados, com els més rellevants. Així doncs, d’acord amb els elements tècnics i musicals localitzats i analitzats, he pogut concloure que la idea d’Escola pianística catalana, probablement, s’acosta més a una visió eminentment romàntica que no pas científica.</subfield>
   </datafield>
   <datafield ind2=" " ind1=" " tag="520">
      <subfield code="a">El objetivo de estudio de este trabajo es la Escuela Pianística Catalana desde la segunda mitad del siglo XIX hasta principios del XX. El interés principal se ha basado en conocer y determinar si existe una línea pedagógica continua con rasgos interpretativos comunes que permitan catalogarla como tal. Para tal fin, ha sido necesario recurrir al fondo sonoro que se conserva y a las fuentes documentales de compositores y pianistas que lo conforman: Pere Tintorer, Joan Baptista Pujol y Enric Granados, considerados los más relevantes. Así pues, de acuerdo con los elementos técnicos y musicales localizados y analizados, he podido concluir que la idea de Escuela Pianística Catalana, probablemente, se acerca más a una visión eminentemente romántica que a científica.</subfield>
   </datafield>
   <datafield ind2=" " ind1=" " tag="520">
      <subfield code="a">The area of study of this research has been the Catalan Piano School from the second half of the nineteenth century to the early twentieth century. The main interest is to examine and determine whether there exists a continuous pedagogical line with common interpretative characteristics, which would allow it to be classified as such. For this reason, it has been necessary to consult the main sound and documentary sources of the most relevant composers and pianists, such as Pere Tintorer, Joan Baptista Pujol, and Enric Granados. According to the technical and musical elements detected and analysed, I conclude that the idea of a Catalan Piano School is probably closer to an eminently romantic vision than to a scientific one.</subfield>
   </datafield>
   <datafield ind1="8" ind2=" " tag="024">
      <subfield code="a">http://hdl.handle.net/20.500.12694/7255</subfield>
   </datafield>
   <datafield tag="653" ind2=" " ind1=" ">
      <subfield code="a">TFG Música clàssica i contemporània</subfield>
   </datafield>
   <datafield tag="653" ind2=" " ind1=" ">
      <subfield code="a">Piano, Música per a--Interpretació (Fraseig, dinàmica, etc.)</subfield>
   </datafield>
   <datafield tag="653" ind2=" " ind1=" ">
      <subfield code="a">Música--Catalunya--S. XIX</subfield>
   </datafield>
   <datafield tag="653" ind2=" " ind1=" ">
      <subfield code="a">Música--Catalunya--S. XX</subfield>
   </datafield>
   <datafield tag="653" ind2=" " ind1=" ">
      <subfield code="a">Piano--Ensenyament</subfield>
   </datafield>
   <datafield tag="653" ind2=" " ind1=" ">
      <subfield code="a">Tintorer, Pere, 1814-1891--Crítica i interpretació</subfield>
   </datafield>
   <datafield tag="653" ind2=" " ind1=" ">
      <subfield code="a">Pujol, Joan Baptista, 1835-1898--Crítica i interpretació</subfield>
   </datafield>
   <datafield tag="653" ind2=" " ind1=" ">
      <subfield code="a">Granados, Enric, 1867-1916--Crítica i interpretació</subfield>
   </datafield>
   <datafield ind2="0" ind1="0" tag="245">
      <subfield code="a">Una mirada a l'escola pianística catalana</subfield>
   </datafield>
</record></metadata></record></GetRecord></OAI-PMH>